[Event "Southend Easter U1900 op 67th"]
[Site "Southend"]
[Date "2025.04.21"]
[Round "7"]
[White "Saxena, Advik"]
[Black "Murrell, Mark RA"]
[Result "1-0"]
[WhiteElo "1787"]
[BlackElo "1783"]
[PlyCount "65"]
[EventDate "2025.04.18"]
[EventType "swiss"]
[EventRounds "7"]
[EventCountry "ENG"]
[SourceTitle "CB18_2025"]
[SourceDate "2025.04.30"]
[SourceVersion "1"]
[SourceVersionDate "2025.04.30"]
[SourceQuality "1"]

1. e4 c5 2. Nf3 e6 3. d4 cxd4 4. Nxd4 Nf6 5. Nc3 d6 6. Be2 Be7 7. 0-0 0-0 8. Be3 Nc6 9. f4 a6 10. Nb3 b5 11. Bf3 Qc7 12. Nd4 Nxd4 13. Bxd4 e5 14. Bf2 Bb7 15. f5 Rac8 16. g4 d5 17. exd5 b4 18. Ne4 Nxd5 19. Rc1 Bg5 20. Nxg5 Nf4 21. Bxb7 Qxb7 22. Qf3 Qb8 23. Nh3 Rc4 24. Nxf4 exf4 25. Rfe1 Rfc8 26. Re2 a5 27. Qd3 Qc7 28. Rce1 h6 29. Re8+ Rxe8 30. Rxe8+ Kh7 31. f6+ g6 32. Re7 Qc8 33. Rxf7+ 1-0

[Event "EU-ch U08"]
[Site "Prague"]
[Date "2024.08.26"]
[Round "5"]
[White "Saxena, Advik"]
[Black "Cherem, Yoseph"]
[Result "0-1"]
[WhiteElo "1678"]
[BlackElo "1606"]
[PlyCount "148"]
[EventDate "2024.08.22"]
[EventType "swiss"]
[EventRounds "9"]
[EventCountry "CZE"]
[SourceTitle "CBM 221 Extra"]
[Source "ChessBase"]
[SourceDate "2024.09.30"]
[SourceVersion "1"]
[SourceVersionDate "2024.09.30"]
[SourceQuality "1"]

1. e4 c6 2. Nf3 d5 3. Nc3 dxe4 4. Nxe4 Nf6 5. Qe2 Nxe4 6. Qxe4 g6 7. Bc4 Bg7 8. 0-0 0-0 9. Re1 Re8 10. Ne5 e6 11. Qf4 Qc7 12. d4 Qe7 13. Ng4 Qb4 14. Nf6+ Bxf6 15. Qxf6 Nd7 16. Qh4 Qxe1+ 17. Bf1 b6 18. c4 Ba6 19. b3 Qb4 20. Qg3 Rac8 21. a4 Qe7 22. Ba3 Qf6 23. Rd1 Red8 24. b4 Nf8 25. Bb2 Qe7 26. Qc3 e5 27. Re1 exd4 28. Qd2 Qf6 29. Re4 c5 30. b5 Bb7 31. Re1 Ne6 32. a5 bxa5 33. Qxa5 a6 34. bxa6 Ra8 35. a7 Qg5 36. Bc1 Qg4 37. h3 Qh4 38. Qb6 Qe7 39. h4 Rd6 40. Qxc5 Nxc5 41. Rxe7 Rxa7 42. Re8+ Kg7 43. Bf4 Re6 44. Rxe6 Nxe6 45. Bd6 Ra1 46. c5 d3 47. Be5+ f6 48. Bxa1 Nxc5 49. Bc3 Ne4 50. Bxf6+ Kxf6 51. Bxd3 Ke5 52. f3 Nc5 53. Bc2 Ba6 54. h5 Bd3 55. Bxd3 Nxd3 56. hxg6 hxg6 57. g3 Kd4 58. Kh2 Ke3 59. f4 Kf3 60. Kh3 Nc5 61. Kh4 Ne4 62. g4 Kxf4 63. g5 Kf3 64. Kh3 Nxg5+ 65. Kh2 Ne4 66. Kg1 g5 67. Kf1 g4 68. Kg1 g3 69. Kf1 Nd6 70. Kg1 g2 71. Kh2 Kf2 72. Kh3 g1Q 73. Kh4 Nf7 74. Kh5 Qg5# 0-1

[Event "EU-ch U08"]
[Site "Prague"]
[Date "2024.08.22"]
[Round "1"]
[White "Saxena, Advik"]
[Black "Kapelinsky, Amos"]
[Result "0-1"]
[WhiteElo "1678"]
[BlackElo "1430"]
[PlyCount "136"]
[EventDate "2024.08.22"]
[EventType "swiss"]
[EventRounds "9"]
[EventCountry "CZE"]
[SourceTitle "CBM 221 Extra"]
[Source "ChessBase"]
[SourceDate "2024.09.30"]
[SourceVersion "1"]
[SourceVersionDate "2024.09.30"]
[SourceQuality "1"]

1. e4 c6 2. Nf3 d5 3. Nc3 Bg4 4. h3 Bxf3 5. Qxf3 e6 6. exd5 cxd5 7. d4 Nd7 8. Bf4 Bb4 9. Bd3 Rc8 10. Bd2 Ngf6 11. 0-0 0-0 12. a3 Bxc3 13. Bxc3 Qb6 14. Rfe1 Rfe8 15. Re2 Qc7 16. Rae1 h6 17. Bd2 Kf8 18. Bf4 Qb6 19. c3 a6 20. Qg3 Nh5 21. Qf3 Nxf4 22. Qxf4 Qc7 23. Qf3 Qd8 24. Rxe6 Qg5 25. Rxe8+ Rxe8 26. Rxe8+ Kxe8 27. Qe3+ Qxe3 28. fxe3 Nb6 29. e4 Na4 30. exd5 Nxb2 31. Bc2 Nc4 32. Bb3 Nxa3 33. Kf2 Nb5 34. Ba4 Ke7 35. Bxb5 axb5 36. Ke3 Kd6 37. Ke4 g6 38. g4 g5 39. Ke3 Kxd5 40. Kd3 b6 41. Ke3 Kc4 42. Ke4 Kxc3 43. d5 b4 44. d6 b3 45. d7 b2 46. d8Q b1Q+ 47. Ke5 Qe1+ 48. Kf6 Qf2+ 49. Ke7 Kc4 50. Ke8 Qc5 51. Kxf7 Qd5+ 52. Qxd5+ Kxd5 53. Kg6 b5 54. Kxh6 b4 55. Kxg5 b3 56. h4 b2 57. h5 b1Q 58. h6 Qh7 59. Kh5 Ke6 60. g5 Kf5 61. Kh4 Qc7 62. Kh3 Kxg5 63. h7 Qxh7+ 64. Kg2 Qd3 65. Kh1 Qe2 66. Kg1 Kg4 67. Kh1 Kg3 68. Kg1 Qd1# 0-1

[Event "BCF-ch Major"]
[Site "Hull"]
[Date "2024.08.02"]
[Round "7"]
[White "Garnett, John S"]
[Black "Saxena, Advik"]
[Result "1-0"]
[WhiteElo "1879"]
[BlackElo "1666"]
[PlyCount "77"]
[EventDate "2024.07.27"]
[EventType "swiss"]
[EventRounds "9"]
[EventCountry "ENG"]
[SourceTitle "CBM 221 Extra"]
[Source "ChessBase"]
[SourceDate "2024.09.30"]
[SourceVersion "1"]
[SourceVersionDate "2024.09.30"]
[SourceQuality "1"]

1. d4 Nf6 2. Bg5 e6 3. e4 h6 4. Bxf6 Qxf6 5. Nc3 c5 6. e5 Qd8 7. d5 d6 8. Bb5+ Nd7 9. dxe6 fxe6 10. Qh5+ Ke7 11. exd6+ Kxd6 12. 0-0-0+ Kc7 13. Nf3 Qf6 14. Rhe1 a6 15. Bc4 Nb6 16. Bf1 g6 17. Qe5+ Qxe5 18. Nxe5 Rg8 19. Nc4 Bg7 20. Ne4 Nxc4 21. Bxc4 b5 22. Be2 c4 23. Bg4 h5 24. Bf3 Rb8 25. Ng5 e5 26. Nf7 Re8 27. Be4 Bf5 28. Bxf5 gxf5 29. Rd5 Kc6 30. Rd6+ Kc7 31. Rxa6 Ra8 32. Rxa8 Rxa8 33. Nxe5 Rxa2 34. Kb1 Ra8 35. Nf3 b4 36. Re7+ Kd6 37. Rxg7 b3 38. cxb3 cxb3 39. Rb7 1-0

[Event "BCF-ch U08 rapid"]
[Site "Hull"]
[Date "2024.07.27"]
[Round "9"]
[White "Feng, Luca"]
[Black "Saxena, Advik"]
[Result "0-1"]
[WhiteElo "1486"]
[BlackElo "1572"]
[PlyCount "126"]
[EventDate "2024.07.26"]
[EventType "swiss (rapid)"]
[EventRounds "9"]
[EventCountry "ENG"]
[SourceTitle "CBM 221 Extra"]
[Source "ChessBase"]
[SourceDate "2024.09.30"]
[SourceVersion "1"]
[SourceVersionDate "2024.09.30"]
[SourceQuality "1"]

1. e4 c5 2. Nc3 d6 3. f4 Nc6 4. Nf3 Bg4 5. Bb5 a6 6. Bxc6+ bxc6 7. 0-0 Nf6 8. d3 g6 9. h3 Bd7 10. Be3 Bg7 11. Re1 0-0 12. Qd2 e6 13. Rad1 Qe7 14. a3 d5 15. exd5 cxd5 16. Bf2 Rab8 17. b3 d4 18. Ne4 Nd5 19. a4 f5 20. Ng3 Nc3 21. Rc1 Qd6 22. Ne2 Nd5 23. Rcd1 Bh6 24. Bg3 Ne3 25. Rc1 Bc6 26. c3 Bxf3 27. gxf3 Nd5 28. cxd4 cxd4 29. Nxd4 Nxf4 30. Bxf4 Bxf4 31. Qf2 Bxc1 32. Rxc1 Rbd8 33. Rc4 e5 34. Ne2 Qxd3 35. Rc3 Qd1+ 36. Kg2 Rd2 37. Re3 e4 38. f4 Rfd8 39. Qf1 Qxf1+ 40. Kxf1 R8d3 41. Rxd3 Rxd3 42. Kg2 Rxb3 43. h4 Rb2 44. Kf1 Kg7 45. Ng3 Ra2 46. a5 Rxa5 47. Ne2 Rd5 48. Nc3 Rd3 49. Ne2 a5 50. Ke1 a4 51. Nc1 Rh3 52. Kd2 Rxh4 53. Ne2 a3 54. Nc3 a2 55. Nxa2 Rh2+ 56. Ke3 Rxa2 57. Kd4 h5 58. Ke3 h4 59. Kd4 h3 60. Ke5 h2 61. Kd4 h1Q 62. Kd5 Qa1 63. Kc4 Ra5 0-1

[Event "BCF-ch Major"]
[Site "Hull"]
[Date "2024.07.27"]
[Round "1"]
[White "Varley, Joe"]
[Black "Saxena, Advik"]
[Result "1-0"]
[WhiteElo "1935"]
[BlackElo "1666"]
[PlyCount "43"]
[EventDate "2024.07.27"]
[EventType "swiss"]
[EventRounds "9"]
[EventCountry "ENG"]
[SourceTitle "CBM 221 Extra"]
[Source "ChessBase"]
[SourceDate "2024.09.30"]
[SourceVersion "1"]
[SourceVersionDate "2024.09.30"]
[SourceQuality "1"]

1. e4 c5 2. Nf3 d6 3. c3 Nf6 4. h3 Nc6 5. Bd3 e6 6. Bc2 Be7 7. 0-0 0-0 8. Re1 d5 9. e5 Nd7 10. d4 cxd4 11. cxd4 Nb4 12. Bb3 a5 13. Nc3 Nb6 14. a3 Nc6 15. Bc2 Nc4 16. b3 Nb6 17. Bh6 gxh6 18. Qd3 f5 19. exf6 Rxf6 20. Qxh7+ Kf8 21. Ne5 Nxd4 22. Qh8# 1-0

[Event "BCF-ch U08 rapid"]
[Site "Hull"]
[Date "2024.07.26"]
[Round "2"]
[White "Dodukh, Artem"]
[Black "Saxena, Advik"]
[Result "1-0"]
[WhiteElo "1057"]
[BlackElo "1572"]
[PlyCount "169"]
[EventDate "2024.07.26"]
[EventType "swiss (rapid)"]
[EventRounds "9"]
[EventCountry "ENG"]
[SourceTitle "CBM 221 Extra"]
[Source "ChessBase"]
[SourceDate "2024.09.30"]
[SourceVersion "1"]
[SourceVersionDate "2024.09.30"]
[SourceQuality "1"]

1. Nf3 d5 2. g3 Nc6 3. Bg2 e5 4. d3 Nf6 5. 0-0 Bd6 6. Nbd2 Bf5 7. b3 0-0 8. Bb2 h6 9. Re1 Bg6 10. e4 dxe4 11. Nxe4 Nxe4 12. dxe4 Qe7 13. Qe2 Rad8 14. Rad1 Rfe8 15. Qb5 Nb4 16. Qxb7 Rb8 17. Qxa7 Ra8 18. Qe3 Nxc2 19. Qd3 Nxe1 20. Rxe1 Rxa2 21. Qb1 Rea8 22. Re2 Qe6 23. Nd2 Bb4 24. Nc4 R2a7 25. Bxe5 Qg4 26. Re3 Bc5 27. Re1 Rb7 28. Bc3 Rab8 29. Nd2 h5 30. Qa1 h4 31. Bxg7 hxg3 32. hxg3 Qxg3 33. Bd4 Bxd4 34. Qxd4 Qg5 35. e5 Rd8 36. Qa1 Rxd2 37. Qa8+ Kg7 38. Qxb7 Qf4 39. Qf3 Qb4 40. e6 Rd3 41. Qe2 fxe6 42. Qxe6 Rxb3 43. Qe7+ Qxe7 44. Rxe7+ Kf6 45. Rxc7 Rb1+ 46. Kh2 Rb2 47. Rc6+ Kg5 48. f3 Bf5 49. Rc5 Rd2 50. Kg3 Rd3 51. Bh3 Rd6 52. Rxf5+ Kh6 53. f4 Rd3+ 54. Kg4 Rd6 55. Bg2 Rg6+ 56. Rg5 Re6 57. Bd5 Rd6 58. Be4 Re6 59. Bf5 Rf6 60. Rh5+ Kg7 61. Rh7+ Kg8 62. Kg5 Rf8 63. Kg6 Rd8 64. Be6+ Kf8 65. Rh8+ Ke7 66. Rxd8 Kxd8 67. f5 Ke8 68. Kg7 Ke7 69. f6+ Kd6 70. f7 Ke5 71. f8Q Ke4 72. Qf5+ Ke3 73. Qg4 Kf2 74. Qh3 Kg1 75. Kf6 Kf2 76. Ke5 Kg1 77. Qg3+ Kf1 78. Bh3+ Ke2 79. Ke4 Kd2 80. Qd3+ Ke1 81. Be6 Kf2 82. Qf3+ Ke1 83. Qg2 Kd1 84. Kd3 Kc1 85. Qc2# 1-0

[Event "BCF-ch U08 rapid"]
[Site "Hull"]
[Date "2024.07.26"]
[Round "1"]
[White "Saxena, Advik"]
[Black "Sheikh, Amaan"]
[Result "1-0"]
[WhiteElo "1572"]
[BlackElo "718"]
[PlyCount "117"]
[EventDate "2024.07.26"]
[EventType "swiss (rapid)"]
[EventRounds "9"]
[EventCountry "ENG"]
[SourceTitle "CBM 221 Extra"]
[Source "ChessBase"]
[SourceDate "2024.09.30"]
[SourceVersion "1"]
[SourceVersionDate "2024.09.30"]
[SourceQuality "1"]

1. e4 e5 2. Nf3 Nc6 3. Bc4 Be7 4. c3 Nf6 5. d3 0-0 6. 0-0 d6 7. Be3 Na5 8. Nbd2 Nxc4 9. Nxc4 Bg4 10. h3 Bxf3 11. Qxf3 c5 12. Rfe1 Qd7 13. Rad1 Rfe8 14. d4 cxd4 15. cxd4 exd4 16. Rxd4 Rad8 17. Red1 Bf8 18. e5 b5 19. Nxd6 Bxd6 20. Rxd6 Qc7 21. Rxd8 Rxd8 22. Rxd8+ Qxd8 23. exf6 Qxf6 24. Qxf6 gxf6 25. Bxa7 Kf8 26. Kf1 Ke7 27. Ke2 Kd7 28. Kd3 Kc6 29. Bd4 f5 30. Ke3 Kd6 31. Kf4 Ke6 32. g3 h5 33. Kg5 Kd5 34. Bc3 Kc4 35. Kxh5 Kd3 36. Kg5 Kc2 37. Kxf5 Kb1 38. a3 Ka2 39. Kf6 Kb3 40. Kxf7 b4 41. axb4 Kc4 42. h4 Kd3 43. h5 Ke2 44. h6 Kxf2 45. h7 Kxg3 46. h8Q Kf3 47. Qh3+ Ke2 48. Ke6 Kd1 49. Qd3+ Kc1 50. Qd2+ Kb1 51. Qd1+ Ka2 52. Qc1 Kb3 53. Kd5 Ka4 54. Kc5 Kb3 55. Qd1+ Ka2 56. b3 Ka3 57. Qa1+ Kxb3 58. Qb2+ Ka4 59. Qa2# 1-0

[Event "BCF-ch U08 blitz"]
[Site "Hull"]
[Date "2024.07.25"]
[Round "4"]
[White "Maksak, Liubava"]
[Black "Saxena, Advik"]
[Result "0-1"]
[WhiteElo "1082"]
[BlackElo "1572"]
[PlyCount "88"]
[EventDate "2024.07.25"]
[EventType "swiss (blitz)"]
[EventRounds "9"]
[EventCountry "ENG"]
[SourceTitle "CBM 221 Extra"]
[Source "ChessBase"]
[SourceDate "2024.09.30"]
[SourceVersion "1"]
[SourceVersionDate "2024.09.30"]
[SourceQuality "1"]

1. e4 c5 2. Nc3 d6 3. f4 Nc6 4. Nf3 Nf6 5. Bc4 e6 6. d3 Bd7 7. 0-0 Be7 8. Qe1 a6 9. a4 0-0 10. f5 exf5 11. Qh4 Nxe4 12. Qf4 Nxc3 13. bxc3 Be6 14. Bb3 Bf6 15. Bd2 Na5 16. c4 Bxa1 17. Rxa1 Nxb3 18. cxb3 Qf6 19. Rf1 Rfd8 20. Qg3 d5 21. cxd5 Rxd5 22. Bg5 f4 23. Qh4 Qc3 24. Bxf4 Qxd3 25. Ng5 Bf5 26. Qe1 h6 27. Nf3 Rad8 28. Nd2 Qc3 29. Nf3 Qxb3 30. Qb1 Bxb1 31. Kf2 Bd3 32. Re1 Qc2+ 33. Kg3 Qc3 34. h3 Rc8 35. Kh2 Rf5 36. Kg3 Qf6 37. Be5 Qg6+ 38. Kh2 Rd8 39. Rf1 Rc8 40. Re1 Ra8 41. Rd1 Be2 42. Re1 Bxf3 43. gxf3 Rxf3 44. Rg1 Qc2+ 0-1

[Event "BCF-ch U08 blitz"]
[Site "Hull"]
[Date "2024.07.25"]
[Round "9"]
[White "Saxena, Advik"]
[Black "Hu, Junyan"]
[Result "1-0"]
[WhiteElo "1572"]
[BlackElo "1697"]
[PlyCount "109"]
[EventDate "2024.07.25"]
[EventType "swiss (blitz)"]
[EventRounds "9"]
[EventCountry "ENG"]
[SourceTitle "CBM 221 Extra"]
[Source "ChessBase"]
[SourceDate "2024.09.30"]
[SourceVersion "1"]
[SourceVersionDate "2024.09.30"]
[SourceQuality "1"]

1. e4 c5 2. Nf3 e6 3. d4 cxd4 4. Nxd4 Nf6 5. f3 Nc6 6. a3 Bc5 7. Nb3 Bb6 8. Nc3 0-0 9. Na4 Nxe4 10. Nxb6 axb6 11. fxe4 Qh4+ 12. Ke2 Qxe4+ 13. Be3 Qg4+ 14. Ke1 Qxd1+ 15. Rxd1 d5 16. Bxb6 f5 17. Bb5 Rf6 18. Nd4 Nxd4 19. Bxd4 Rg6 20. Kf2 Ra5 21. Be8 Rg4 22. Bc3 Rc5 23. h3 Re4 24. Rhe1 Rcc4 25. Rxe4 Rxe4 26. Rd4 b6 27. Rxe4 fxe4 28. Bd4 Kf8 29. Bb5 Kf7 30. Bxb6 e5 31. Bc6 Ke6 32. Bc5 Ba6 33. b4 d4 34. Bxe4 Bb5 35. Bd3 Bc6 36. b5 Bb7 37. a4 Kd5 38. Ba3 e4 39. Be2 e3+ 40. Ke1 Ke4 41. Bf3+ Ke5 42. Bxb7 d3 43. cxd3 g5 44. a5 h5 45. a6 g4 46. hxg4 h4 47. a7 h3 48. gxh3 e2 49. Kxe2 Kd4 50. a8Q Kc3 51. Qa5+ Kd4 52. Qb6+ Kc3 53. Qc5+ Kb3 54. Bd5+ Ka4 55. Qb4# 1-0

[Event "Witney op-D 10th"]
[Site "Witney"]
[Date "2023.11.04"]
[Round "1"]
[White "Saxena, Advik"]
[Black "English, Andrew Jp"]
[Result "0-1"]
[WhiteElo "1145"]
[BlackElo "1492"]
[PlyCount "116"]
[EventDate "2023.11.04"]
[EventType "swiss"]
[EventRounds "5"]
[EventCountry "ENG"]
[SourceTitle "EXT 2025"]
[Source "ChessBase"]
[SourceDate "2024.10.14"]
[SourceVersion "1"]
[SourceVersionDate "2024.10.14"]
[SourceQuality "1"]

1. e4 c5 2. Nf3 Nc6 3. d4 cxd4 4. Nxd4 g6 5. Nc3 Bg7 6. Be3 Nf6 7. Be2 d6 8. 0-0 0-0 9. f4 Nxd4 10. Bxd4 Bd7 11. f5 Bc6 12. Bd3 e5 13. Be3 a6 14. Qf3 Qd7 15. Qe2 b5 16. Qd2 Ng4 17. Bg5 h6 18. Bh4 g5 19. Bg3 Nf6 20. Rae1 Qb7 21. a3 Rad8 22. Qd1 Rfe8 23. Re2 Nh5 24. Re3 Nxg3 25. Rxg3 f6 26. Qh5 Qf7 27. Qxf7+ Kxf7 28. Be2 Rh8 29. Bh5+ Ke7 30. Bg6 Rc8 31. Rc1 Kd7 32. Kf2 Bb7 33. Ke3 Rc4 34. Bf7 Rc5 35. Be6+ Ke7 36. Nd5+ Bxd5 37. Bxd5 Rhc8 38. Bb7 Rb8 39. Bxa6 Rb6 40. Bxb5 Rcxb5 41. b4 Ra6 42. c4 Rb7 43. Ra1 Rxb4 44. axb4 Rxa1 45. Kd2 Ra7 46. Rb3 Kd7 47. b5 Rb7 48. Kc3 Kc7 49. Kb4 Kb6 50. Ka4 Ra7+ 51. Kb4 Bf8 52. Kc3 Ra2 53. Rb2 Rxb2 54. Kxb2 Kc5 55. Kb3 Be7 56. h3 Bd8 57. Kc3 Ba5+ 58. Kd3 h5 0-1